000
00314nam a2200133Ia 4500
008
100328s9999 xx 000 0 und d
082
_b
75008
100
_a
Blyton Gnid.
245
_a
The Enchanted Wood.
260
_b
Egmont.
630
_a
The Enchanted Wood.
730
_a
The Enchanted Wood.
942
_c
BOOK
999
_c
560729
_d
560726